000 01317nam a22002057a 4500
003 OSt
005 20260408105620.0
008 260408b |||||||| |||| 00| 0 SPA d
082 _28449422973
100 _a Merriam-Webster Inc. y Longman Group Ltd..
245 _aEnglish Dictionary Spanish Edition
250 _a1RA EDICION
260 _aBarcelona-España
_bEditorial Océano
_c1992.
300 _a1071 páginas.
_c26cm
490 _3 tapa dura encuadernación de lujo
_acon CD-ROM
520 _aClarificar el léxico: Define términos complejos de forma sencilla, incluyendo neologismos, tecnicismos y modismos actuales. Perfeccionar la gramática: Guía al usuario en el uso correcto de estructuras, verbos compuestos (phrasal verbs) y colocaciones comunes. Fomentar la autonomía: Busca que el lector desarrolle la capacidad de pensar en inglés al ofrecer ejemplos de uso en contextos reales. Apoyar el aprendizaje multimedia: Complementa la consulta textual con recursos interactivos (en sus versiones con CD-ROM) para mejorar la pronunciación y la retención visual.
650 _aCategoría Gramatical , Definición Monolingüe , Ejemplos de Uso
_vAudios de Pronunciación:
_xSección Preliminar , Cuerpo del Diccionario, Anexos y Apéndices
700 _aLongman Group Ltd..
942 _2ddc
_cBKA
_n0
999 _c2056
_d2056